000
00322nam a22001457a 4500
008
190205b xxu||||| |||| 00| 0 eng d
020
_a
0135019664
041
_a
eng
080
_a
338
082
_a
338
100
_a
54
101
_a
MEN
245
_a
Introductory management science
_c
Eppen G.D
942
_2
udc
_c
BK
999
_c
53990
_d
53990